Housing statistics for Scotland 2007 (Record no. 107778)

MARC details
000 -LEADER
fixed length control field 01231cam a22002055a 4500
001 - CONTROL NUMBER
control field E141820
008 - FIXED-LENGTH DATA ELEMENTS--GENERAL INFORMATION
fixed length control field 071221e20071120stk f s000 0 eng d
020 ## - INTERNATIONAL STANDARD BOOK NUMBER
International Standard Book Number 9780755968626
035 ## - SYSTEM CONTROL NUMBER
System control number (Sirsi) u141820
041 0# - LANGUAGE CODE
Language code of text/sound track or separate title eng
110 2# - MAIN ENTRY--CORPORATE NAME
Corporate name or jurisdiction name as entry element Scotland
Subordinate unit Scottish Government
9 (RLIN) 5344
245 00 - TITLE STATEMENT
Title Housing statistics for Scotland 2007
Remainder of title key trends summary
Medium [electronic resource]
260 ## - PUBLICATION, DISTRIBUTION, ETC.
Place of publication, distribution, etc. Edinburgh
Name of publisher, distributor, etc. Scottish Government
Date of publication, distribution, etc. 2007
520 ## - SUMMARY, ETC.
Summary, etc. Provides an introduction to the new Housing Statistics for Scotland web tables which replace the former quarterly housing trends statistical bulletins. These interactive tables present comprehensive data on housing activity in Scotland up to 30 June 2007 in a range of formats, including information on public sector stock and house sales, demolitions, new build, local authority housing management, houses in multiple occupation, special needs housing, rent registration and private sector improvement grants.
521 ## - TARGET AUDIENCE NOTE
Target audience note Advanced
651 #4 - SUBJECT ADDED ENTRY--GEOGRAPHIC NAME
Geographic name Scotland
Chronological subdivision 1999-
690 ## - LOCAL SUBJECT ADDED ENTRY--TOPICAL TERM (OCLC, RLIN)
Topical term or geographic name as entry element PROPERTY-RESIDENTIAL PROPERTY-DOMESTIC RESIDENTIAL PROPERTY-HOUSING
856 40 - ELECTRONIC LOCATION AND ACCESS
Uniform Resource Identifier <a href="https://www.scotland.gov.uk/Publications/2007/11/19093720/3">https://www.scotland.gov.uk/Publications/2007/11/19093720/3</a>
Public note View the item free of charge at www.scotland.gov.uk...
942 ## - ADDED ENTRY ELEMENTS (KOHA)
Suppress in OPAC 0
Holdings
Withdrawn status Lost status Source of classification or shelving scheme Damaged status Not for loan Home library Current library Shelving location Date acquired Total Checkouts Full call number Barcode Date last seen Copy number Price effective from Koha item type
    Dewey Decimal Classification     Virtual Virtual Online 14/03/2008   ONLINE PUBLICATION 141820-2001 06/08/2019 1 06/08/2019 Book